Responses for show #7834 - Thursday, October 4, 2018

Contestants

[<< previous game]

Sara Butner, a communications manager from Winston-Salem, North Carolina

Kian Barry, a high school history teacher from Hopewell, New Jersey

Doug Dodson, a classical singer from Boston, Massachusetts (whose 3-day cash winnings total $52,799)

[next game >>]

Jeopardy! Round responses

TV SHOWS BY EPISODE TITLE
AUTHORS BORN & DIED
GRAMMAR A-Z
FIDDLER
ON THE ROOF
IF I WERE IN RICHMOND...
    $200 3
South Park

Doug
    $200 24
(Harriet Beecher) Stowe

Doug
    $200 19
the predicate

Doug
    $200 1
Carnegie Hall

Doug
    $200 5
watts

Doug
    $200 7
NASCAR

Doug
    $400 9
The Sopranos

Sara
    $400 27
(Laura Ingalls) Wilder

Sara
    $400 20
an infinitive

Doug
    $400 2
"Eleanor Rigby"

Sara
    $400 17
(Doug: What is a vent?)
(Alex: Give me a little more. "Helps with the process".)
(Doug: What is... [*]?)
(Alex: Thank you.)

venting

Doug
    $400 13
(Edgar Allan) Poe

Doug
    $600 10
Doctor Who

Kian
    $600 30
(Isak) Dinesen

Sara
    $600 21
modifiers

Sara
    $600 4
second fiddle

Sara
    $600 18
(Doug: What are antennae?)
(Alex: Be more specific.)
(Doug: Uh, what are cable TV antennae?)

satellite dishes

DougSara
    $600 14
the White House

Doug
    $800 11
(Doug: What is 24?)
(Sara: What is The West Wing?)

Homeland

DougSara
Triple Stumper
    $800 29
(Theodore) Dreiser

Sara
    $800 22
restrictive

Triple Stumper
    $800 6
Johnny

Sara
    $800 25
(Alex: With less than a minute.)

helipad

Sara
    $800 15
(John) Marshall

Doug
    $1000 12
The Munsters

Kian
    $1000 28
Raymond Chandler

Triple Stumper
    $2,600 23
syntax

Sara
    $1000 8
(Niccolo) Paganini

Doug
    $1000 26
Notre Dame

Kian
    $1000 16
Virginia Commonwealth University

Kian

Scores at the first commercial break (after clue 15):

Doug Kian Sara
$2,800 $1,600 $1,400

Scores at the end of the Jeopardy! Round:

Doug Kian Sara
$3,400 $3,600 $7,800

Double Jeopardy! Round responses

THE BODY PART IN THE FILM TITLE
MAKES SCENTS
WORLD LAKES
3 CONSONANTS THE SAME
"PER"SPECTIVE ON SCIENCE
ELECTION 1968
(Lawrence O'Donnell: I'm Lawrence O'Donnell of MSNBC with clues about the subject of my book Playing with Fire: The 1968 Election and the Transformation of American Politics.)
    $400 9
foot

Kian
    $400 13
(Doug: What is Victoria's Secret?)

Juicy Couture

Doug
Triple Stumper
    $400 5
Honshu

Doug
    $400 14
a nanny

Sara
    $400 18
perennials

Doug
    $400 6
Martin Luther King's assassination

Sara
    $800 12
The Man with Two Brains

Triple Stumper
    $800 28
(Sara: Who is Ralph Lauren?)

Calvin Klein

DougSara
    $800 4
Ethiopia

Doug
    $800 24
a bobby

Doug
    $800 19
percolation

Sara
    $800 7
(Richard) Daley

Sara
    $1200 15
Wild at Heart

Sara
    $1200 29
[The end-of-round signal sounds.]

Paris Hilton

Doug
    $1200 3
(Doug: What is Superior?)

Huron

DougSara
    $1200 25
doddering

Triple Stumper
    $1200 20
peridot

Sara
    $1200 8
(Roger) Ailes

Doug
    $1600 16
arm

Sara
    $1600 2
Lake Titicaca

Doug
    $1600 26
the coccyx

Doug
    $5,000 21
a perpetual motion machine

Sara
    $3,000 10
(Hubert) Humphrey

Kian
    $2000 17
bone

Doug
    $2000 23
(Alex: Less than a minute now.)

Coty

Triple Stumper
    $2000 1
Lake Baikal

Kian
    $2000 27
(Doug: What is dilly-dallying?)

lollygagging

DougKian
    $2000 22
the Permian

Kian
    $2000 11
(George) Wallace

Doug

Scores at the end of the Double Jeopardy! Round:

Doug Kian Sara
$12,600 $13,000 $19,600

[wagering suggestions for these scores]

Final Jeopardy! Round responses

INTERNATIONAL CRIME
DougWhat is olive oil?
$10,000
KianWhat is olive oil?
$1,000
SaraWhat is olive oil?
$13,100
olive oil

Final scores:

Doug Kian Sara
$22,600 $14,000 $32,700
2nd place: $2,000 3rd place: $1,000 New champion: $32,700

Game dynamics:

Coryat scores:

Doug Kian Sara
$12,600 $11,600 $14,600
23 R,
5 W
9 R
(including 1 DD),
0 W
20 R
(including 2 DDs),
2 W

Combined Coryat: $38,800

The J! Archive is created by fans, for fans. The Jeopardy! game show and all elements thereof, including but not limited to copyright and trademark thereto, are the property of Jeopardy Productions, Inc. and are protected under law. This website is not affiliated with, sponsored by, or operated by Jeopardy Productions, Inc. Join the discussion at JBoard.tv.